000 00335nam a2200145Ia 4500
008 191201s2010 xx 000 0 und d
082 _a657
_bKHM
100 _aKHAN,M Y
245 0 _aManagement Accounting: Concepts and Cases
250 _aRep
260 _aN. Delhi
_bTMH
_c2010
300 _aMISC
650 _aBBA
942 _2ddc
_cBK
999 _c4551
_d4551